000 00293 a2200145 4500
001 172214
020 _a
040 _cMagnum
100 _aFrança, Mary
240 1 0 _aBeto a toda cor
_lpor
245 1 0 _aBeto a toda cor
362 0 _a1899
697 _aI/AVENTURA, CRIANCAS
942 _cBK
999 _c172214
_d172214